000 00576nam a2200205Ia 4500
005 20250508165128.0
008 008 250505s9999 xx 000 0 eng d
020 _a81-89524-19-4
037 _aTextual
040 _aFEDL
_beng
_cFEDL
041 _aeng
_2eng
084 _a305.56, TUC
_qFEDL
100 _aTucker Lee
_9301234
245 0 _aChild slaves in modern India : The bonded labor problem
260 _aNew Delhi, India
_bCritical Quest
_c2006
300 _a48p.
365 _aINR
_b30
942 _cTEXL
_h305.56, TUC
999 _c1393306
_d1393306